000 00614nam a2200229Ia 4500
003 OSt
005 20220924123335.0
006 a|||||r|||| 00| 0
007 ta
008 220923b |||||||| |||| 00| 0 fre d
024 _a117020
037 _cTextual
040 _aARTS
_cARTS
_bfre
041 _2fre
_afre
082 _aV641:221wN25, 122K3
100 _aVan Lierde Jean
_9192479
245 0 _aPensee politique de partice Lumumba
260 _aNA
_bNA
_c1963
650 _aHISTORY
942 _hV641:221wN25, 122K3
_cTEXL
_2CC
999 _c415350
_d415350